| 000 | 00749nam a22002417a 4500 | ||
|---|---|---|---|
| 003 | UA-OsUOA | ||
| 001 | 41554 | ||
| 007 | ta | ||
| 008 | 20080919b un ||||| |||| 00| 0 ukr d | ||
| 100 | _aЛужницький Григор | ||
| 090 |
_a27(477) _bЛ83 |
||
| 942 | _cBK | ||
| 040 |
_aUA-OsUOA _bukr _cUA-OsUOA _dUA-OsUOA |
||
| 245 | _aУкраїнська церква між сходом і заходом. | ||
| 300 | _a721 с. | ||
| 955 | _a4 | ||
| 041 | _aukr | ||
| 080 | _a27(477) | ||
| 260 |
_aФілідельфія _b"Провидіння" _c1954 |
||
| 246 | 3 | 1 | _aНарис історії української церкви. |
| 650 | 7 |
_a27 Загальна історія Християнської церкви _2UDC |
|
| 999 |
_c440054 _d440054 |
||